000 00500cam a2200145 4500500
005 20260111092414.0
041 _afre
042 _adc
100 1 0 _aGaveau, Fabien
_eauthor
245 0 0 _aRonald Hubscher, Cinéastes en campagne. Paris, Éditions du Cerf, 2011, 348 p.
260 _c2012.
500 _a49
786 0 _nÉtudes rurales | 188 | 2 | 2012-01-01 | p. 223c-232c | 0014-2182
856 4 1 _uhttps://shs.cairn.info/revue-etudes-rurales-2011-2-page-223c?lang=fr&redirect-ssocas=7080
999 _c1623509
_d1623509